Responses for show #8061 - Monday, September 30, 2019

Contestants

[<< previous game]

Jason Marsden, a nonprofit executive from Denver, Colorado

Jennifer Kinyak, a freelancer from Albuquerque, New Mexico

Laurel Lathrop, a graduate student from Tallahassee, Florida (whose 1-day cash winnings total $31,201)

[next game >>]

Jeopardy! Round responses

FROM THE SCOTS, AYE
COLLEGE-POURRI
I BEAT MERYL!
"S"EVEN-LETTER SCIENCE
TIME FOR A SNACK
TRAIL MIX
    $200 19
plaid

Laurel
    $200 15
the waiting list

Jennifer
    $200 7
Jennifer Lawrence

Jennifer
    $200 1
sucrose

Jennifer
    $200 17
Pirate's Booty

Laurel
    $200 12
the Freedom Trail

Jason
    $400 20
a bard

Laurel
    $400 30
Caltech

Jennifer
    $400 8
Kate Winslet

Laurel
    $400 2
silicon

Laurel
    $400 16
pumpkin seeds

Jennifer
    $400 13
the Oregon Trail

Laurel
    $600 21
a slogan

Jennifer
    $600 29
(Jason: What is Kentucky?)

Ohio

LaurelJason
    $600 9
a Tony

Laurel
    $600 3
synapse

Jennifer
    $600 4
carbohydrates

Laurel
    $600 24
the Appalachian Trail

Laurel
    $800 22
(Jason: What is a javelin?)

caber

JenniferJason
    $800 28
(Laurel: Who is Bowditch?)

Grace Hopper

Laurel
Triple Stumper
    $800 10
Susan Sarandon

Jennifer
    $1,600 6
Sapiens

Jennifer
    $800 5
Graham crackers

Jennifer
    $800 26
(Laurel: What is the Matterhorn?)

Mont Blanc

Laurel
Triple Stumper
    $1000 23
a glen

Jennifer
    $1000 27
Long Island

Jason
    $1000 11
The Queen

Laurel
    $1000 14
(Jason: What is shale?)

subsoil

Jason
Triple Stumper
    $1000 18
dates

Laurel
    $1000 25
(Jason: What is the Pacific Coast Trail?)

the Pacific Crest Trail

Jason
Triple Stumper

Scores at the first commercial break (after clue 15):

Laurel Jennifer Jason
$3,400 $4,400 -$800

Scores at the end of the Jeopardy! Round:

Laurel Jennifer Jason
$4,800 $7,600 -$2,200

Double Jeopardy! Round responses

RECENT BROADWAY PLAYS
AMERICAN HISTORY
IT'S ONLY A PAPER MOON
EUROPEAN JOBS
A "BUM" STEER
FUN-TO-SAY QUOTATIONS
    $400 26
the Constitution

Laurel
    $400 1
Annapolis

Jason
    $400 17
Goodnight Moon

Laurel
    $400 6
gondoliers

Jennifer
    $400 7
an album

Jennifer
    $400 16
the Pussycat

Jennifer
    $800 27
2008

Jason
    $800 2
Bunker Hill

Laurel
    $800 22
The Very Hungry Caterpillar

Laurel
    $800 18
Amsterdam

Jason
    $800 8
a bummer

Jason
    $800 12
"Black Dog"

Triple Stumper
    $1200 28
Northern Ireland

Jason
    $1200 5
Dolley Madison

Jason
    $1200 23
Moonraker

Jason
    $5,000 19
the Tower of London

Jason
    $1200 9
to bumble

Jennifer
    $1200 13
The Treasure of the Sierra Madre

Jennifer
    $1600 29
Titus Andronicus

Laurel
    $1600 4
Taft-Hartley

Jason
    $1600 24
New Moon

Laurel
    $1600 20
the Swiss Guard

Jason
    $1600 10
a bumbershoot

Laurel
    $1600 14
in the rama lama ding dong

Laurel
    $2000 30
Sam Shepard

Jennifer
    $2000 3
vice president

Jason
    $4,000 25
(Alex: [Uses "Draccent"] Dracula.)

Bram Stoker

Laurel
    $2000 21
Portugal

Triple Stumper
    $2000 11
bumptious

Jennifer
    $2000 15
the H.M.S. Pinafore

Jason

Scores at the end of the Double Jeopardy! Round:

Laurel Jennifer Jason
$17,600 $15,200 $16,400

[wagering suggestions for these scores]

Final Jeopardy! Round responses

SYMBOLIC OBJECTS
JenniferWhat is the World Cup
$1
JasonWhat is the Olympic torch?
$14,001
LaurelWhat is the Olympic torch?
$15,201
Olympic torch (Olympic flame)

Final scores:

Laurel Jennifer Jason
$32,801 $15,199 $30,401
2-day champion: $64,002 3rd place: $1,000 2nd place: $2,000

Game dynamics:

Coryat scores:

Laurel Jennifer Jason
$15,600 $14,400 $12,600
21 R
(including 1 DD),
2 W
19 R
(including 1 DD),
0 W
14 R
(including 1 DD),
4 W

Combined Coryat: $42,600

The J! Archive is created by fans, for fans. The Jeopardy! game show and all elements thereof, including but not limited to copyright and trademark thereto, are the property of Jeopardy Productions, Inc. and are protected under law. This website is not affiliated with, sponsored by, or operated by Jeopardy Productions, Inc. Join the discussion at JBoard.tv.